พระบาทสมเด็จพระปกเกล้าเจ้าอยู่หัวกับการปกครองระบบรัฐสภา / (ระเบียนเลขที่ 6153)
| 000 -LEADER | |
|---|---|
| fixed length control field | 01620nam a22002657a 4500 |
| 003 - CONTROL NUMBER IDENTIFIER | |
| control field | NALT |
| 005 - DATE AND TIME OF LATEST TRANSACTION | |
| control field | 20251125232806.0 |
| 008 - FIXED-LENGTH DATA ELEMENTS--GENERAL INFORMATION | |
| fixed length control field | s2523 th tha d |
| 040 ## - CATALOGING SOURCE | |
| Original cataloging agency | NALT |
| 041 ## - LANGUAGE CODE | |
| Language code of text/sound track or separate title | tha |
| 050 ## - LIBRARY OF CONGRESS CALL NUMBER | |
| Classification number | DS 584 |
| Item number | ป114พ 2523 |
| 100 0# - MAIN ENTRY--PERSONAL NAME | |
| Personal name | ทองต่อ กล้วยไม้ ณ อยุธยา |
| 9 (RLIN) | 6376 |
| 245 10 - TITLE STATEMENT | |
| Title | พระบาทสมเด็จพระปกเกล้าเจ้าอยู่หัวกับการปกครองระบบรัฐสภา / |
| Statement of responsibility, etc. | โดย ทองต่อ กล้วยไม้ ณ อยุธยา, อธิป จิตต์สำเริง และ วีระพันธ์ มุขสมบัติ. |
| 260 ## - PUBLICATION, DISTRIBUTION, ETC. | |
| Place of publication, distribution, etc. | กรุงเทพฯ : |
| Name of publisher, distributor, etc. | กองการพิมพ์ สำนักงานเลขาธิการรัฐสภา, |
| Date of publication, distribution, etc. | 2523. |
| 300 ## - PHYSICAL DESCRIPTION | |
| Extent | 178 หน้า : |
| Other physical details | ภาพประกอบ |
| 600 04 - SUBJECT ADDED ENTRY--PERSONAL NAME | |
| 9 (RLIN) | 10802 |
| Personal name | ปกเกล้าเจ้าอยู่หัว, |
| Titles and other words associated with a name | พระบาทสมเด็จพระ, |
| Dates associated with a name | 2436-2484 |
| 651 #4 - SUBJECT ADDED ENTRY--GEOGRAPHIC NAME | |
| Geographic name | ไทย |
| General subdivision | การเมืองและการปกครอง |
| Chronological subdivision | กรุงรัตนโกสินทร์, |
| -- | รัชกาลที่ 7, 2468-2477 |
| 9 (RLIN) | 10805 |
| 700 0# - ADDED ENTRY--PERSONAL NAME | |
| Personal name | อธิป จิตต์สำเริง |
| 9 (RLIN) | 66499 |
| 700 ## - ADDED ENTRY--PERSONAL NAME | |
| Personal name | วีระพันธ์ มุขสมบัติ |
| 9 (RLIN) | 7363 |
| 850 ## - HOLDING INSTITUTION | |
| Holding institution | NALT |
| 856 40 - ELECTRONIC LOCATION AND ACCESS | |
| Uniform Resource Identifier | <a href="https://hdl.handle.net/20.500.14156/401612">https://hdl.handle.net/20.500.14156/401612</a> |
| 942 ## - ADDED ENTRY ELEMENTS (KOHA) | |
| Koha item type | General Book |
| Source of classification or shelving scheme | Library of Congress Classification |
| 996 ## - STAFF PROCESSING RECORDS (NALT) | |
| Staff name | saiphon.d |
| Staff type | CATSTF |
| Acquisition or Cataloging date | 2025-08-26 |
| 998 ## - STAFF NAME (NALT) | |
| -- | 104 |
| -- | นางสาวสายฝน ดีงาม |
| Withdrawn status | Lost status | Source of classification or shelving scheme | Damaged status | Not for loan | Collection code | Home library | Current library | Shelving location | Total Checkouts | Full call number | Barcode | Date last seen | Copy number | Price effective from | Koha item type | Date last checked out |
|---|---|---|---|---|---|---|---|---|---|---|---|---|---|---|---|---|
| Library of Congress Classification | General Book collection | National Assembly Library of Thailand | National Assembly Library of Thailand | General Book shelves | DS 584 ป114พ 2523 | 3961102078 | 09/06/2017 | ฉ.3 | 09/06/2017 | General Book | ||||||
| Library of Congress Classification | General Book collection | National Assembly Library of Thailand | National Assembly Library of Thailand | General Book shelves | 1 | DS 584 ป114พ 2523 | 3961102076 | 22/11/2017 | ฉ.2 | 09/06/2017 | General Book | 16/11/2017 | ||||
| Library of Congress Classification | General Book collection | National Assembly Library of Thailand | National Assembly Library of Thailand | General Book shelves | DS 584 ป114พ 2523 | 3961102075 | 09/06/2017 | ฉ.1 | 09/06/2017 | General Book |
